MARC details
| 000 -LEADER |
| fixed length control field |
02196cam a22004218i 4500 |
| 005 - DATE AND TIME OF LATEST TRANSACTION |
| control field |
20260322212012.0 |
| 008 - FIXED-LENGTH DATA ELEMENTS--GENERAL INFORMATION |
| fixed length control field |
data |
| 010 ## - LIBRARY OF CONGRESS CONTROL NUMBER |
| LC control number |
2013038951 |
| 020 ## - INTERNATIONAL STANDARD BOOK NUMBER |
| International Standard Book Number |
9781592539086 (pbk.) |
| 020 ## - INTERNATIONAL STANDARD BOOK NUMBER |
| International Standard Book Number |
1592539084 |
| 040 ## - CATALOGING SOURCE |
| Original cataloging agency |
DLC |
| Language of cataloging |
eng |
| Transcribing agency |
DLC |
| Description conventions |
rda |
| 042 ## - AUTHENTICATION CODE |
| Authentication code |
pcc |
| 050 00 - LIBRARY OF CONGRESS CALL NUMBER |
| Classification number |
TT870 |
| Item number |
.H51735 2014 |
| 082 00 - DEWEY DECIMAL CLASSIFICATION NUMBER |
| Classification number |
745.54 |
| Edition information |
23 |
| 084 ## - OTHER CLASSIFICATION NUMBER |
| Classification number |
ART028000 |
| -- |
CRA046000 |
| -- |
ART028000 |
| Number source |
bisacsh |
| 092 ## - LOCALLY ASSIGNED DEWEY CALL NUMBER (OCLC) |
| Classification number |
745.54 H51735 2014 |
| 001 - CONTROL NUMBER |
| control field |
data |
| 100 1# - MAIN ENTRY--PERSONAL NAME |
| Personal name |
Hiebert, Helen, |
| Dates associated with a name |
1965- |
| 245 10 - TITLE STATEMENT |
| Title |
Playing with pop-ups : |
| Remainder of title |
the art of dimensional, moving paper designs / |
| Statement of responsibility, etc. |
Helen Hiebert. |
| 260 ## - PUBLICATION, DISTRIBUTION, ETC. |
| Place of publication, distribution, etc. |
Beverly, Massachusetts : |
| Name of publisher, distributor, etc. |
Quarry Books, |
| Date of publication, distribution, etc. |
2014. |
| 263 ## - PROJECTED PUBLICATION DATE |
| Projected publication date |
1405 |
| 264 #1 - PRODUCTION, PUBLICATION, DISTRIBUTION, MANUFACTURE, AND COPYRIGHT NOTICE |
| Place of production, publication, distribution, manufacture |
Beverly, Massachusetts : |
| Name of producer, publisher, distributor, manufacturer |
Quarry Books, |
| Date of production, publication, distribution, manufacture, or copyright notice |
2014. |
| 300 ## - PHYSICAL DESCRIPTION |
| Extent |
pages cm |
| 336 ## - CONTENT TYPE |
| Content type term |
text |
| Source |
rdacontent |
| 337 ## - MEDIA TYPE |
| Media type term |
unmediated |
| Source |
rdamedia |
| 338 ## - CARRIER TYPE |
| Carrier type term |
volume |
| Source |
rdacarrier |
| 505 0# - FORMATTED CONTENTS NOTE |
| Formatted contents note |
Getting started : cut, score, fold, pop! -- Projects to play with : artistic ideas for popping, engineering, and moving paper -- Gallery : discovering new realms by turning the page. |
| 520 ## - SUMMARY, ETC. |
| Summary, etc. |
"Enter the enchanting world of pop-ups and handmade paper crafts. Join author Helen Hiebert as she guides you through materials, tools and pop-up basics including parallel folds, angle folds, combinations and variations, and layered pop-ups. Enjoy creating 20 projects to play with ranging from cards and books to buildings, graphic design pieces, and more. Featuring a high-end gallery of artists, whose beautiful work will inspire you to make your own amazing paper art, Playing with Pop-Ups will teach you to create interactive pieces that everyone will enjoy"-- |
| Assigning source |
Provided by publisher. |
| 650 #0 - SUBJECT ADDED ENTRY--TOPICAL TERM |
| Topical term or geographic name entry element |
Paper work. |
| 650 #0 - SUBJECT ADDED ENTRY--TOPICAL TERM |
| Topical term or geographic name entry element |
Cut-out craft. |
| 650 #7 - SUBJECT ADDED ENTRY--TOPICAL TERM |
| Topical term or geographic name entry element |
CRAFTS & HOBBIES / Papercrafts. |
| Source of heading or term |
bisacsh |
| 650 #7 - SUBJECT ADDED ENTRY--TOPICAL TERM |
| Topical term or geographic name entry element |
CRAFTS & HOBBIES / Book Printing & Binding. |
| Source of heading or term |
bisacsh |
| 650 #7 - SUBJECT ADDED ENTRY--TOPICAL TERM |
| Topical term or geographic name entry element |
ART / Techniques / General. |
| Source of heading or term |
bisacsh |
| 906 ## - LOCAL DATA ELEMENT F, LDF (RLIN) |
| a |
7 |
| b |
cbc |
| c |
orignew |
| d |
1 |
| e |
ecip |
| f |
20 |
| g |
y-gencatlg |
| 925 0# - |
| -- |
acquire |
| -- |
2 shelf copies |
| -- |
policy default |
| 955 ## - COPY-LEVEL INFORMATION (RLIN) |
| -- |
xl05 2013-09-26 |
| 963 ## - |
| -- |
Betsy Gammons; phone: 978-282-3517; fax: 978-283-2742; email: [email protected]; bc: [email protected] |